000
00267nam a2200109Ia 4500
005
20251222114408.0
008
251222s1900||||xx |||||||||||||| ||spa||
082
_a
DVD0120/C83/1994
245
0
_a
Pavarotti in central park
264
_b
Tibor Rudas, Another
942
_c
DVD
999
_c
1910
_d
1910